Somatic embryogenesis in leaf cultures of Hevea brasiliensis: Effect of source plant (Record no. 48802)

MARC details
000 -LEADER
fixed length control field 00697nam a2200253Ia 4500
100 ## - MAIN ENTRY--AUTHOR NAME
Personal name Kala R G
245 #0 - TITLE STATEMENT
Title Somatic embryogenesis in leaf cultures of Hevea brasiliensis: Effect of source plant
260 ## - PUBLICATION, DISTRIBUTION, ETC. (IMPRINT)
Name of publisher Natural Rubber Research
Year of publication 2009
300 ## - PHYSICAL DESCRIPTION
Number of Pages 117-126
650 ## - SUBJECT ADDED ENTRY--TOPICAL TERM
Topical Term Carbon source
650 ## - SUBJECT ADDED ENTRY--TOPICAL TERM
Topical Term Embryogenic calli
650 ## - SUBJECT ADDED ENTRY--TOPICAL TERM
Topical Term Gelling agent
650 ## - SUBJECT ADDED ENTRY--TOPICAL TERM
Topical Term Juvenility of source plants
650 ## - SUBJECT ADDED ENTRY--TOPICAL TERM
Topical Term Somatic embryogenesis
700 ## - ADDED ENTRY--PERSONAL NAME
Personal name Gimisha G C
700 ## - ADDED ENTRY--PERSONAL NAME
Personal name Jayashree R
700 ## - ADDED ENTRY--PERSONAL NAME
Personal name Jayasree P K
700 ## - ADDED ENTRY--PERSONAL NAME
Personal name Rekha K
700 ## - ADDED ENTRY--PERSONAL NAME
Personal name Sobha S
700 ## - ADDED ENTRY--PERSONAL NAME
Personal name Sushamakumari S
700 ## - ADDED ENTRY--PERSONAL NAME
Personal name Thulaseedharan A
942 ## - ADDED ENTRY ELEMENTS (KOHA)
Koha item type Bibliography STAF
Holdings
Withdrawn status Lost status Damaged status Not for loan Home library Current library Shelving location Date acquired Serial Enumeration / chronology Koha item type
      Bibliography RRII Library RRII Library Biotechnology 31/05/2011 Volume 22, Issue 1&2 Bibliography STAF